Vista normal Vista MARC

Entrada Topical Term

Número de registros utilizados en: 1

001 - CONTROL NUMBER

  • control field: 57705

003 - CONTROL NUMBER IDENTIFIER

  • control field: OSt

005 - DATE AND TIME OF LATEST TRANSACTION

  • control field: 20250124112438.0

008 - FIXED-LENGTH DATA ELEMENTS

  • fixed length control field: 250124|| aca||aabn | a|a d

040 ## - CATALOGING SOURCE

  • Original cataloging agency: OSt
  • Transcribing agency: OSt

150 ## - HEADING--TOPICAL TERM

  • Topical term or geographic name entry element: Juegos y actividades

670 ## - SOURCE DATA FOUND

  • Source citation: Work cat.: (OSt)56829: Taboada, Marcial Oscar autor, Aventura con la máquina del tiempo/









Instituto Departamental de Cultura del Meta - Red Departamental de Bibliotecas Públicas del Meta.